| 000 | 01630nam a2200361 a 4500 | ||
|---|---|---|---|
| 001 | 77199 | ||
| 003 | BD-RjUL | ||
| 005 | 20211209082937.0 | ||
| 008 | 200302r19881987ja a bc 000 0 eng | ||
| 020 |
_a093631611X (pbk.) : _c$20.00 |
||
| 035 | _a(BD-RjUL)77423 | ||
| 040 |
_aDLC _cDLC _dDLC _dBD-RjUL _beng |
||
| 041 | _aeng | ||
| 082 | 0 | 0 |
_223 _a759.952 _bTAP 1988 |
| 100 |
_aTakashina, Shūji, _d1932- _9240230 |
||
| 245 | 0 | 0 |
_aParis in Japan : _bthe Japanese encounter with European painting / _cShūji Takashina, J. Thomas Rimer, with Gerald D. Bolas. |
| 260 |
_aTokyo ; _aSt. Louis : _bJapan Foundation ; _bWashington University, _c1987. |
||
| 300 |
_a287 p. : _bill. (some col.) ; _c28 cm. |
||
| 500 | _aCatalog of an exhibition held at Washington Univ. Gallery of Art, St. Louis, on Oct. 2-Nov. 22, 1987; Japan House Gallery, New York, on Dec. 11, 1987-Feb. 7, 1988; Wight Art Gallery, Univ. of Calif. at Los Angeles, on Feb. 21-Apr. 3, 1988. | ||
| 504 | _aBibliography: p. 282-287. | ||
| 650 | 0 |
_aPainting, Japanese _xExhibitions. _9240231 |
|
| 650 | 0 |
_aPainting, Japanese _yMeiji period, 1868-1912 _xExhibitions. _9240232 |
|
| 650 | 0 |
_aPainting, Japanese _xFrench influences _xExhibitions. _9240233 |
|
| 650 | 0 |
_aPainting, Japanese _xEuropean influences _xExhibitions. _9240234 |
|
| 700 | 1 |
_aRimer, J. Thomas. _9114759 |
|
| 700 | 1 |
_aBolas, Gerald D. _9240235 |
|
| 710 | 2 |
_aWashington University (Saint Louis, Mo.). _bGallery of Art. _9240236 |
|
| 710 | 2 |
_aJapan House Gallery. _9240237 |
|
| 710 | 2 |
_aFrederick S. Wight Art Gallery. _9240238 |
|
| 942 |
_2ddc _cBK |
||
| 999 |
_c77199 _d77199 |
||